• 首页
  • 本馆介绍
  • 公告通知
  • 最新文献
  • 馆藏检索
  • 电子资源
  • 读者荐购
  • 参考咨询
  • CALIS
  • 我的图书馆
  • 登录
  • 详细信息显示
  • 放入我的书架
  • 预约/预借图书
  • 作者相关作品
  • 分类相关作品
  • 丛书相关作品
  • 出版社相关作品

书目信息

  • 表格格式
  • 工作单格式
  • 卡片格式
题名:
酒店,家的感觉
    
 
作者: 张智强 编
分册:  
出版信息: 北京   清华大学出版社  2006.11
页数: 253页
开本: 21cm
丛书名:
单 册:
中图分类: TU247
科图分类:
主题词: 饭店--fan dian--建筑设计--世界
电子资源:
ISBN: 7-302-13885-0
 
 
 
 
 
000 00790nam0 2200229 45
001 003125455
005 20081008091130.82
010    @a7-302-13885-0@dCNY48.00
100    @a20061120d2006 ekmy0chiy0120 ea
101 0  @achi
102    @aCN@b110000
105    @aa z 000yy
200 1  @a酒店,家的感觉@Ajiu dian,jia de gan jue@e住进世界38家设计型酒店@d= Hotel as home@f张智强 编@Fzhang zhi qiang bian@zeng
210    @a北京@c清华大学出版社@d2006.11
215    @a253页@c图@d21cm
330    @a本书说明了了该书出版的缘起,介绍了37间酒店的设计特色。
517 1  @a住进世界38家设计型酒店@Azhu jin shi jie 38 jia she ji xing jiu dian
606 0  @a饭店@Afan dian@x建筑设计@y世界
690    @aTU247@v4
701  0 @a张智强@Azhang zhi qiang@4编
801  0 @aCN@c20081008
905    @dTU247@eZ250
    
    酒店,家的感觉:住进世界38家设计型酒店= Hotel as home/张智强 编.-北京:清华大学出版社,2006.11
    253页:图;21cm
    
    
    ISBN 7-302-13885-0:CNY48.00
    本书说明了了该书出版的缘起,介绍了37间酒店的设计特色。
●
相关链接 在E读中查询图书 在当当中查询图书 在豆瓣中查询图书


正题名:酒店,家的感觉     索取号:TU247/Z250         预约/预借

序号 登录号 条形码 馆藏地/架位号 状态 备注
1 841224   208412243   建筑库101/101建筑库 106排3列3层/ [索取号:TU247/Z250] 在馆    
2 841225   208412252   建筑库101/101建筑库 106排3列3层/ [索取号:TU247/Z250] 在馆    
3 841226   208412261   建筑库101/101建筑库 106排3列3层/ [索取号:TU247/Z250] 在馆    
河南城建学院图书馆 欢迎您!
大连网信软件有限公司© 版权所有